| 000 | 00668cam a22002297a 4500 | ||
|---|---|---|---|
| 001 | 001334 | ||
| 003 | armpunfd | ||
| 005 | 20140612090637.0 | ||
| 008 | 040205e0####xx#a##########000#0#und#d | ||
| 040 |
_aarmpunfd _carmpunfd |
||
| 080 | _a347.81 P 425 | ||
| 100 | 1 | 0 | _a Perucchi, Hector A. |
| 245 | 1 | 0 | _aPrescripcion comercial y aeronautica |
| 260 |
_a Uenos Aires : Plus Ultra _b1976. 125 P. |
||
| 650 | 7 |
_a Derecho Aeronautico _2LEMB |
|
| 650 | 7 |
_a Prescripcion Aeronautica _2LEMB |
|
| 650 | 7 |
_a Prescripcion Civil _2LEMB |
|
| 650 | 7 |
_a Prescripcion Comercial _2LEMB |
|
| 650 | 7 |
_a Prescripcion _2LEMB |
|
| 942 |
_cLB _2cdu |
||
| 945 |
_aCatalis _d2010-08-19 |
||
| 999 |
_c1325 _d231829 |
||